Powerlogy - vylepšené potraviny pre aktívnych ľudí

Gespeichert in:
Bibliographische Detailangaben
1. Verfasser: Ljudvigová, Ivana
Format: Buchkapitel
Sprache:Slowakisch
Schlagworte:
Tags: Tag hinzufügen
Keine Tags, Fügen Sie das erste Tag hinzu!

MARC

LEADER 00000naa$a2200000$$$4500
001 0225876
005 20240502073715.5
041 0 |a slo 
044 |a SK 
245 1 0 |a Powerlogy - vylepšené potraviny pre aktívnych ľudí  |c Ivana Ljudvigová 
610 2 0 |a štúdie prípadové 
610 2 0 |a start-up 
610 2 0 |a potraviny 
610 2 0 |a kvalita potravín 
610 2 0 |a gastronómia 
610 2 0 |a štýl životný 
100 1 |a Ljudvigová, Ivana